Evropský systém občanský hněv a evropský mír aneb Proč musí darovaná demokracie ustoupit demokracii vybojované

Gespeichert in:
Bibliographische Detailangaben
1. Verfasser: Menasse, Robert
Format: Buch
Sprache:Tschechisch
Veröffentlicht: Praha Novela bohemica 2014
Schlagworte:
Tags: Tag hinzufügen
Keine Tags, Fügen Sie das erste Tag hinzu!

MARC

LEADER 00000nam a2200000 4500
001 0185650
005 20240313085748.4
020 |a 978-80-87683-29-3 
041 0 |a cze 
044 |a CZ 
245 1 0 |a Evropský systém  |b občanský hněv a evropský mír aneb Proč musí darovaná demokracie ustoupit demokracii vybojované  |c Robert Menasse 
264 1 |a Praha  |b Novela bohemica  |c 2014 
300 |a 97 s. 
610 2 0 |a politika medzinárodná 
610 2 0 |a systémy politické 
610 2 0 |a demokracia 
610 2 0 |a byrokracia 
610 2 0 |a Európska únia 
100 1 |a Menasse, Robert